Biblioteca y Centro de Documentación

Estadística teórica básica (Registro nro. 635)

Detalles MARC
000 -CABECERA
Longitud fija campo de control 00969nam a2200313 c 4500
001 - NÚMERO DE CONTROL
Número de control 635
003 - IDENTIFICADOR DE NÚMERO DE CONTROL
Identificador del número de control ES-MaCES
005 - FECHA Y HORA DE LA ÚLTIMA TRANSACCIÓN
Fecha y hora de la última transacción 20161115134404.0
008 - CAMPO FIJO DE DESCRIPCIÓN FIJA--INFORMACIÓN GENERAL
Códigos de información de longitud fija   941028s1992 sp ||| | spa d
017 ## - NÚMERO DE REGISTRO DE DERECHOS DE AUTOR Y DEPÓSITO LEGAL
Número de copyright o de depósito legal B. 29.027-1992
Agencia que asigna el número DL
020 ## - ISBN (INTERNATIONAL STANDARD BOOK NUMBER)
Número Internacional Normalizado para Libros (ISBN) 8434420767
035 ## - NÚMERO DE CONTROL DEL SISTEMA
Número de control del sistema CES19980006387m
040 ## - FUENTE DE CATALOGACIÓN
Centro catalogador de origen ES-MaCES
Lengua de catalogación spa
Centro transcriptor ES-MaCES
100 1# - ENCABEZAMIENTO PRINCIPAL--NOMBRE PERSONAL
Nombre de persona Barbancho, Alfonso G.
9 (RLIN) 7052
245 10 - MENCIÓN DE TÍTULO
Título Estadística teórica básica
Resto del título : probabilidad y modelos probabilísticos
Mención de responsabilidad, etc. Alfonso G. Barbancho
250 ## - MENCIÓN DE EDICIÓN
Mención de edición [1ª ed.]
Resto de la mención de edición / rev. por Manuel Delgado Cabeza
260 ## - PUBLICACIÓN, DISTRIBUCIÓN, ETC (PIE DE IMPRENTA)
Lugar de publicación, distribución, etc. Barcelona
Nombre del editor, distribuidor, etc. Ariel
Fecha de publicación, distribución, etc. 1992
300 ## - DESCRIPCIÓN FÍSICA
Extensión 274 p.
Dimensiones 24 cm
490 1# - MENCIÓN DE SERIE
Mención de serie Ariel economía
541 ## - NOTA DE LA FUENTE INMEDIANTE DE ADQUISICIÓN
Forma de adquisición Compra
650 #4 - ASIENTO SECUNDARIO DE MATERIA--TÉRMINO DE MATERIA
Término de materia o nombre geográfico como elemento inicial probabilidad
9 (RLIN) 28887
650 #4 - ASIENTO SECUNDARIO DE MATERIA--TÉRMINO DE MATERIA
Término de materia o nombre geográfico como elemento inicial método estadístico
9 (RLIN) 29536
653 10 - TÉRMINO DE INDEXACIÓN--NO CONTROLADO
Término no controlado Ciencias Sociales-Políticas
700 1# - ENCABEZAMIENTO SECUNDARIO--NOMBRE PERSONAL
Nombre de persona Delgado Cabeza, Manuel
Término indicativo de función col.
9 (RLIN) 10508
830 #0 - ENCABEZAMIENTO SECUNDARIO DE COLECCIÓN--TÍTULO UNIFORME
9 (RLIN) 32204
Título uniforme Ariel economía
902 ## - CES. TIPO DE DOCUMENTO
Tipodoc (006$c Sirtex) LIB Libro
942 ## - ELEMENTOS KOHA
Fuente de clasificaión o esquema Clasificación propia del CES
Koha [por defecto] tipo de item Monografías
Parte de clasificación 7.0.
Existencias
Número de registro Signatura completa Tipo de item de Koha
002244 DPT-3649 Monografías
© CES, Consejo Económico y Social de España 2021